000 00349nam a22000857a 4500
999 _c17241
_d17241
003 Nust
005 20170322112454.0
008 150414t xxu||||| |||| 00| 0 eng d
020 _a81-219-3523-7
040 _cASAB
082 _a614.43
100 _aSantosh Kumar
_9964
245 _aBiology for Medical entrance
_ball in one for AIPMT ( pre & Mains ), CPMT, BHU, AMU, AIIMS, AFMC CET & All other medical entrance exams
_eMedicomaker's Biology Book
260 _aRam Nagar, New Delhi
_bS. chand & company ltd.
_cc2010
300 _a1706 P
942 _2ddc
_cBK